000 00993nam a2200253Ia 4500
003 OSt
005 20220923211005.0
006 a|||||r|||| 00| 0
007 ta
008 220922b |||||||| |||| 00| 0 hin d
020 _a8170165660 (hbk)
_c120
024 _a246,094
037 _b373, 11/02/2011, Swaraj Prakashan
_cTextual
040 _aARTS
_cARTS
_bhin
041 _2hin
_ahin
082 _aO152,3N30x, P3
100 _aमाहेश्वर; श्रवणकुमार, संपा.
_9156907
245 0 _aदस प्रतिनिधि कहानियॉं माहेश्वर
246 _aDas pratinidhi kahāniyaॉan māheshvara
260 _aनयी दिल्ली
_b किताबघर प्रकाशन
_c2003
300 _a119पृ.
_ccm.
942 _hO152,3N30x, P3
_cTEXL
_2CC
999 _c293605
_d293605